| Tag |
First Indicator |
Second Indicator |
Subfields |
| LEADER |
00000pam a2200000 a 4500 |
| 001 |
in00000088913 |
| 005 |
20151008063322.0 |
| 008 |
810603s1981 ctua b 00110 eng |
| 010 |
|
|
|a 81040434
|
| 020 |
|
|
|a 0300025513
|
| 035 |
|
|
|a (OCoLC)07575009
|
| 035 |
|
|
|9 AAK2001AM
|
| 039 |
0 |
|
|a 2
|b 3
|c 3
|d 3
|e 3
|
| 040 |
|
|
|a DLC
|c DLC
|d TXA
|d UtOrBLW
|
| 043 |
|
|
|a e-it---
|
| 049 |
|
|
|a TXAM
|c [1387337]
|
| 050 |
0 |
0 |
|a NC255
|b .A44
|
| 082 |
0 |
|
|a 741/.0945
|2 19
|
| 100 |
1 |
|
|a Ames-Lewis, Francis,
|d 1943-
|
| 245 |
1 |
0 |
|a Drawing in early Renaissance Italy /
|c Francis Ames-Lewis.
|
| 264 |
|
1 |
|a New Haven :
|b Yale University Press,
|c 1981.
|
| 300 |
|
|
|a xi, 196 pages :
|b illustrations ;
|c 27 cm.
|
| 336 |
|
|
|a text
|b txt
|2 rdacontent
|
| 337 |
|
|
|a unmediated
|b n
|2 rdamedia
|
| 338 |
|
|
|a volume
|b nc
|2 rdacarrier
|
| 500 |
|
|
|a Includes index.
|
| 504 |
|
|
|a Bibliography: pages 185-188.
|
| 650 |
|
0 |
|a Drawing, Italian.
|
| 650 |
|
0 |
|a Drawing, Renaissance
|z Italy.
|
| 999 |
|
|
|a MARS
|
| 999 |
f |
f |
|s e4f31952-0169-339b-a46d-3026432292f3
|i 11190df7-b53e-356e-97b3-ede570c45d8e
|t 0
|
| 952 |
f |
f |
|p normal
|a Texas A&M University
|b College Station
|c Sterling C. Evans Library
|d Evans: Library Stacks
|t 0
|e NC255 .A44
|h Library of Congress classification
|i unmediated -- volume
|m A14806169168
|
| 998 |
f |
f |
|a NC255 .A44
|t 0
|l Evans: Library Stacks
|